Premio Los Olvidados 2008 (Record no. 175947)

MARC details
000 -LEADER
campo de control de longitud fija 01432nam a22002055i 4500
001 - NÚMERO DE CONTROL
campo de control 175947
003 - IDENTIFICADOR DE NÚMERO DE CONTROL
campo de control ES-MaACL
005 - FECHA Y HORA DE LA ÚLTIMA TRANSACCIÓN
campo de control 20230906215942.0
008 - DATOS DE LONGITUD FIJA--INFORMACIÓN GENERAL
campo de control de longitud fija 101202s2009 sp o |||| | spa d
080 ## - NÚMERO DE LA CLASIFICACIÓN DECIMAL UNIVERSAL
Número de la Clasificación Decimal Universal 791-22(460.22)
245 00 - MENCIÓN DEL TÍTULO
Título Premio Los Olvidados 2008
Resto del título : selección de cortometrajes de realizadores aragoneses.
246 33 - FORMA VARIANTE DEL TITULO
Título propio/Titulo breve Los olvidados
260 ## - PUBLICACIÓN, DISTRIBUCIÓN, ETC.
Lugar de publicación, distribución, etc. [Zaragoza] :
Nombre del editor, distribuidor, etc. Departamento de Educación, Cultura y Deporte,
Fecha de publicación, distribución, etc. [2009]
300 ## - DESCRIPCIÓN FÍSICA
Extensión 1 DVD-vídeo (129 m :
Otras características físicas son., col. ;
Dimensiones 12 cm +
Material acompañante/anejo 1 folleto ([34] p. : il. col. y n. ; 22 cm)
505 0# - NOTA DE CONTENIDO CON FORMATO
Nota de contenido con formato 1. Reality: Premio Los Olvidados, ex aequo / de Kim Gázquez - 2. Tengo un secreto: Premio Los Olvidados, ex aequo / de Carlos Val - 3. Made in Japan / de Ciro Altabás - 4. La bolita, la verdadera historia / de Arturo Artal y Juan Carrascal - 5. El sueño de Eva / de José Manuel Fandos - 6. El patio de mi casa / de Pilar Gutiérrez - 7. Salomón / de Ignacio Lasierra - 8. LZ 127 / de Jesús J. Obón - 9 EL hueco de Tristán Boj / de Paula Ortiz - 10. Niño balcón / de Pilar Palomero
594 ## - Nota al título y mención de responsabilidad
Nota al título y mención de responsabilidad Recopilación de cortometrajes realizados en España en 2007, seleccionados para el Premio Los Olvidados, patrocinado por el Gobierno de Aragón, en el Festival de Cine de Huesca y en la Semana del Cine y la Imagen de Fuentes de Ebro (SCIFE)
650 #4 - PUNTO DE ACCESO ADICIONAL DE MATERIA--TÉRMINO DE MATERIA
Término de materia o nombre geográfico como elemento de entrada Cortometrajes.
9 (RLIN) 171097
710 1# - ENTRADA AGREGADA--NOMBRE DE ENTIDAD CORPORATIVA
Nombre de entidad corporativa o nombre de jurisdicción como elemento de entrada Aragón.
Unidad subordinada Diputación General.
9 (RLIN) 1410
852 ## - LOCALIZACIÓN
Ubicación ES-MaACL
Número de control de estantería 2267-F-14
Holdings
Estatus retirado Estado de pérdida Estado de daño No para préstamo Colección Biblioteca de origen Biblioteca actual Ubicación en estantería Fecha de adquisición Fuente de adquisición Total de préstamos Signatura topográfica completa Código de barras Visto por última vez Precio de reemplazo Tipo de ítem Koha
        Colección de folletos Biblioteca del Ateneo de Madrid Biblioteca del Ateneo de Madrid Depósito folletos 02/12/2010     2267-F-14 1184766 23/02/2023 23/02/2023 Folleto